Normal view
MARC view
Entry Término temático
001 - NÚMERO DE CONTROL
- campo de control: 48948
003 - IDENTIFICADOR DEL NÚMERO DE CONTROL
- campo de control: OSt
005 - FECHA Y HORA DE LA ÚLTIMA TRANSACCIÓN
- campo de control: 20231016092315.0
008 - DATOS DE LONGITUD FIJA
- campo de control de longitud fija: 231016|| aca||aabn | a|a d
040 ## - FUENTE DE LA CATALOGACIÓN
- Centro catalogador/agencia de origen: OSt
- Centro/agencia transcriptor: OSt
150 ## - ENCABEZAMIENTO--TÉRMINO DE MATERIA
- Término de materia o nombre geográfico como elemento de entrada: independencia, diario de campaña, general, realista
670 ## - FUENTE DE DATOS ENCONTRADOS
- Cita de la fuente: Work cat.: (OSt): De la Pezuela, Joaquín 48946, Compendio de los sucesos ocurridos en el ejercito del Perú y sus provincias (1813-1816), 2021